| 000 | 01658cam a22004694i 4500 | ||
|---|---|---|---|
| 003 | PE-LiUPU | ||
| 005 | 20250731173437.0 | ||
| 008 | 150616s r 000 0 d | ||
| 035 | _a(Sirsi) a5566 | ||
| 040 |
_aPE-LiUPU _bspa _cPE-LiUPU _erda |
||
| 049 | _aPRUA | ||
| 082 | 0 | 4 |
_a255.53 _bG91 _221 |
| 100 | 1 |
_aGuillermou, Alain, _eautor. |
|
| 245 | 1 | 0 | _aSan Ignacio de Loyola y la Compañia de Jesús. |
| 264 | 1 |
_aMadrid : _bAguilar, _c1963. |
|
| 300 |
_a230 páginas : _bIlus.(fotos) ; _c18 cm. |
||
| 336 |
_atext _2rdacontent |
||
| 337 |
_aunmediated _2rdamedia |
||
| 338 |
_avolume _2rdacarrier |
||
| 490 | 0 | _aHombres de Espiritu | |
| 504 | _aBibligrafía: páginas 225-226. | ||
| 505 | 0 | _aVida de San Ignacio -- El maestro del espíritu -- Los ejercicios espirituales -- Las constituciones -- El diario espiritual -- El legado -- Cuadro cronológico. | |
| 526 | _aSEG42 | ||
| 526 | _aSEG41 | ||
| 526 | _aSEG40 | ||
| 526 | _aSEG39 | ||
| 526 | _aP94 | ||
| 526 | _aP87 | ||
| 526 | _aP86 | ||
| 526 | _aP85 | ||
| 526 | _aP77 | ||
| 526 | _aP76 | ||
| 526 | _aP35 | ||
| 650 | 0 | 4 | _aIGNACIO DE LOYOLA, SANTO, 1491-1556 - ESTUDIO. |
| 910 |
_ajck _bjvq _cjck |
||
| 942 |
_2ddc _cBOOK |
||
| 949 |
_a255.53 G91 _wDEWEY _c1 _i39493 _lCCODEBUL1 _mBUL _p00.00 _r0 _sY _tBOOK _u19950917 _xTEOLOGIA _zUNKNOWN _0COMPRA _o.STAFF. Colección General |
||
| 994 |
_aC0 _bPEPRU |
||
| 596 | _a1 | ||
| 999 |
_a255.53 G91 _wDEWEY _c56608 _i39493 _d56608 _e2016-11-6 _f2021-11-9 _g5 _lCCODEBUL1 _mBUL _n3 _q1 _r0 _sY _tBOOK _u2015-6-16 _xTEOLOGIA _zUNKNOWN _0COMPRA _o.STAFF. Colección General |
||
| 980 |
_81 _gALBERTO SANCHEZ Responsable de Automatización |
||